000 00513nam a22001817a 4500
005 20241204070743.0
008 241204b |||||||| |||| 00| 0 eng d
020 _a8189003593
040 _aIN-DiNC
_cIN-DiNC
041 _dasm
082 _a398.20954162
_bBEZ
100 _aBezbaruah, Lakshminath
_eauthor
245 _aKakadeuta aru natilora/
_cby Lakshminath Bezbaruah
260 _aGuwahati:
_bAnwesha,
_c2012.
300 _a116p.
650 _aAssamese folktales by Lakshminath Bezbaruah
942 _2ddc
_cBK
999 _c12026
_d12026